Statistics for North American Sports Teams by Time Zone - Eastern

Click here to take the quiz!

General Stats

  • This quiz has been taken 85 times
  • The average score is 55 of 60

Answer Stats

MLBAnswer% Correct
NFLBaltimore Ravens
98%
NBABoston Celtics
98%
MLBCincinnati Reds
98%
NFLNew England Patriots
98%
MLBBoston Red Sox
97%
NFLCleveland Browns
97%
NFLNew York Jets
97%
MLBNew York Yankees
97%
NFLPhiladelphia Eagles
97%
MLBWashington Nationals
97%
NFLAtlanta Falcons
95%
MLBBaltimore Orioles
95%
NHLBoston Bruins
95%
NBABrooklyn Nets
95%
NFLMiami Dolphins
95%
NBAMiami Heat
95%
MLBNew York Mets
95%
MLBPittsburgh Pirates
95%
NFLPittsburgh Steelers
95%
NFLWashington Redskins
95%
NFLCarolina Panthers
93%
NHLFlorida Panthers
93%
NFLJacksonville Jaguars
93%
MLBMiami Marlins
93%
NFLNew York Giants
93%
NHLNew York Islanders
93%
NBANew York Knicks
93%
NHLNew York Rangers
93%
NBAPhiladelphia 76ers
93%
NHLPhiladelphia Flyers
93%
NBAAtlanta Hawks
92%
NFLBuffalo Bills
92%
NFLCincinnati Bengals
92%
NFLDetroit Lions
92%
NBADetroit Pistons
92%
MLBDetroit Tigers
92%
NBAOrlando Magic
92%
MLBPhiladelphia Phillies
92%
NHLPittsburgh Penguins
92%
NBAToronto Raptors
92%
NBAWashington Wizards
92%
NHLCarolina Hurricanes
90%
NBACharlotte Hornets
90%
MLBCleveland Indians
90%
NFLTampa Bay Buccaneers
90%
MLBAtlanta Braves
89%
NFLIndianapolis Colts
89%
MLBTampa Bay Rays
89%
MLBToronto Blue Jays
89%
NHLWashington Capitals
89%
NBACleveland Cavaliers
87%
NHLDetroit Red Wings
87%
NHLToronto Maple Leafs
87%
NHLMontreal Canadiens
85%
NHLOttawa Senators
85%
NHLTampa Bay Lightning
85%
NHLColumbus Blue Jackets
84%
NBAIndiana Pacers
84%
NHLBuffalo Sabres
82%
NHLNew Jersey Devils
79%

Score Distribution

Percentile by Number Answered

Percent of People with Each Score

Your Score History

You have not taken this quiz